Enjoying where you are on the way to where you are going : (Record no. 571)

MARC details
000 -LEADER
fixed length control field 00928cam a22002774a 4500
005 - DATE AND TIME OF LATEST TRANSACTION
control field 20260322212025.0
008 - FIXED-LENGTH DATA ELEMENTS--GENERAL INFORMATION
fixed length control field data
010 ## - LIBRARY OF CONGRESS CONTROL NUMBER
LC control number 2002110916
020 ## - INTERNATIONAL STANDARD BOOK NUMBER
International Standard Book Number 0446691046
020 ## - INTERNATIONAL STANDARD BOOK NUMBER
International Standard Book Number 9780446691048
040 ## - CATALOGING SOURCE
Original cataloging agency DLC
Transcribing agency DLC
Modifying agency DLC
042 ## - AUTHENTICATION CODE
Authentication code pcc
050 00 - LIBRARY OF CONGRESS CALL NUMBER
Classification number BV4501.2
Item number .M4644 2002
082 00 - DEWEY DECIMAL CLASSIFICATION NUMBER
Classification number 248.4
Edition information 21
092 ## - LOCALLY ASSIGNED DEWEY CALL NUMBER (OCLC)
Classification number 248.4 M464 2002
001 - CONTROL NUMBER
control field data
100 1# - MAIN ENTRY--PERSONAL NAME
Personal name Meyer, Joyce,
Dates associated with a name 1943-
245 10 - TITLE STATEMENT
Title Enjoying where you are on the way to where you are going :
Remainder of title learning how to live a joyful spirit-led life /
Statement of responsibility, etc. Joyce Meyer.
260 ## - PUBLICATION, DISTRIBUTION, ETC.
Place of publication, distribution, etc. New York :
Name of publisher, distributor, etc. Warner Books,
Date of publication, distribution, etc. 2002.
300 ## - PHYSICAL DESCRIPTION
Extent 210, [3] p. ;
Dimensions 22 cm.
500 ## - GENERAL NOTE
General note "Warner faith".
500 ## - GENERAL NOTE
General note Originally published: Tulsa, Okla. : Harrison House, c1996.
504 ## - BIBLIOGRAPHY, ETC. NOTE
Bibliography, etc. note Includes bibliographical references (p. [213]).
650 #0 - SUBJECT ADDED ENTRY--TOPICAL TERM
Topical term or geographic name entry element Christian life
Form subdivision Meditations.
856 42 - ELECTRONIC LOCATION AND ACCESS
Materials specified Publisher description
Uniform Resource Identifier <a href="http://www.loc.gov/catdir/enhancements/fy0914/2002110916-d.html">http://www.loc.gov/catdir/enhancements/fy0914/2002110916-d.html</a>
Holdings
Withdrawn status Lost status Damaged status Not for loan Home library Current library Shelving location Date acquired Total checkouts Full call number Barcode Date last seen Price effective from Koha item type
        Franklin Franklin General stacks 22/03/2026   248.4 21 BC0010584 22/03/2026 22/03/2026 Books